| 000 | 00445nam a2200193Ia 4500 | ||
|---|---|---|---|
| 005 | 20240823053913.0 | ||
| 008 | 240823s9999||||xx |||||||||||||| ||und|| | ||
| 020 | _a81-7648-568-3 | ||
| 041 | _aENGLISH | ||
| 082 | _A808.31 Q6 | ||
| 100 | _aGrenville Kleiser | ||
| 245 | 0 | _aShort Story Writing | |
| 250 | _a1st | ||
| 260 |
_c2016 _bAPH Publishing Corpor |
||
| 500 | _aYES | ||
| 650 |
_aGeneral _bGeneral |
||
| 942 | _cBK | ||
| 999 |
_c225223 _d225223 |
||